Catálogo
 En Linea

La celestina y los dictadores dominicanos / (Registro nro. 45979)

Detalles MARC
000 -CABECERA
campo de control de longitud fija 01231nam a2200265 a 4500
001 - NÚMERO DE CONTROL
campo de control 000046490
003 - IDENTIFICADOR DEL NÚMERO DE CONTROL
campo de control DO-SdBNP
005 - FECHA Y HORA DE LA ÚLTIMA TRANSACCIÓN
campo de control 20210728091326.0
008 - DATOS DE LONGITUD FIJA--INFORMACIÓN GENERAL
campo de control de longitud fija 150819s2015 dr 000 0 spa d
020 ## - NÚMERO INTERNACIONAL ESTÁNDAR DEL LIBRO
Número Internacional Estándar del Libro 9789945481600 (v.1)
020 ## - NÚMERO INTERNACIONAL ESTÁNDAR DEL LIBRO
Número Internacional Estándar del Libro 9789945481686 (v.2)
040 ## - FUENTE DE LA CATALOGACIÓN
Centro catalogador/agencia de origen DO-SdBNP
Lengua de catalogación spa
Centro/agencia transcriptor BNPHU
082 ## - NÚMERO DE LA CLASIFICACIÓN DECIMAL DEWEY
Número de clasificación xxxx
Número de documento/Ítem P438c
100 1# - ENTRADA PRINCIPAL--NOMBRE DE PERSONA
Nombre de persona Pérez Cruz, Domingo A.
9 (RLIN) 74488
245 13 - MENCIÓN DE TÍTULO
Título La celestina y los dictadores dominicanos /
Mención de responsabilidad, etc. Domingo A. Pérez Cruz.
260 ## - PUBLICACIÓN, DISTRIBUCIÓN, ETC.
Lugar de publicación, distribución, etc. Santo Domingo :
Nombre del editor, distribuidor, etc. Soto Castillo,
Fecha de publicación, distribución, etc. 2015.
300 ## - DESCRIPCIÓN FÍSICA
Extensión 2 vs. :
Otras características físicas il., mapas, retrs. ;
Dimensiones 24 cm.
500 ## - NOTA GENERAL
Nota general Incluye datos biográficos del autor en la solapa de la cubierta
504 ## - NOTA DE BIBLIOGRAFÍA, ETC.
Nota de bibliografía, etc. Bibliografía : p. 469-475
505 0# - NOTA DE CONTENIDO CON FORMATO
Nota de contenido con formato v. 1 : La gracias y varios pensamientos -- Sátrapa Pedro Santana Familia-- Sátrapa Ulises Heureaux Level -- Sátrapa Rafael Leónidas Trujillos Molina
505 0# - NOTA DE CONTENIDO CON FORMATO
Nota de contenido con formato v. 2 : Sátrapa Rafael Leónidas Trujillo Molina (contiación)--
Título Breve enfoque de los acaecidos entre enero de 1962 y mayo de 1966 --
-- Sátrapa Joaquín Antonio Balaguer Ricardo --
-- Sátrapa Leonel Antonio Fernández Reyna --
-- Bibliografía.
590 ## - NOTA LOCAL (RLIN)
Nota local Tres ejemplares biografiado por el autor
590 ## - NOTA LOCAL (RLIN)
Nota local Inventariado, 2019/VM
942 ## - ELEMENTOS DE PUNTO DE ACCESO ADICIONAL (KOHA)
Fuente del sistema de clasificación o colocación Dewey Decimal Classification
Tipo de ítem Koha Libro
Existencias
Estado de retiro Estado de pérdida No para préstamo Código de colección Localización permanente Ubicación/localización actual Ubicación en estantería Fecha de adquisición Número de inventario Total de préstamos Signatura topográfica completa Código de barras Fecha visto por última vez Precio válido a partir de Tipo de ítem Koha Restricciones de uso
    Excluido de préstamo Patrimonio Dominicano General General Depósito 19.08.2015 LF1   v. 1, e. 3 46490-30 25.06.2020 25.06.2020 Libro y Folleto Colección Patrimonio Dominicano  
      Patrimonio Dominicano General General Depósito 02.04.2019 LF1   v. 2, e. 3 46490-60 25.06.2020 25.06.2020 Libro y Folleto Colección Patrimonio Dominicano  
      Patrimonio Dominicano General General Depósito 05.04.2019 LF1   v. 2, e. 4 46490-70 25.06.2020 25.06.2020 Libro y Folleto Colección Patrimonio Dominicano  
  Extraviado   Patrimonio Dominicano General General Extraviado 05.04.2019 LF1   v. 2, e. 5 46490-80 25.06.2020 25.06.2020 Libro y Folleto Colección Patrimonio Dominicano  
    Excluido de préstamo Patrimonio Dominicano Patrimonio Dominicano Patrimonio Dominicano Depósito 19.08.2015 LF1   v. 1 46490-10 25.06.2020 25.06.2020 Libro y Folleto Colección Patrimonio Dominicano  
    Excluido de préstamo Patrimonio Dominicano Patrimonio Dominicano Patrimonio Dominicano Depósito 19.08.2015 LF1   v. 1, e. 2 46490-20 25.06.2020 25.06.2020 Libro y Folleto Colección Patrimonio Dominicano  
    Excluido de préstamo Patrimonio Dominicano Patrimonio Dominicano Patrimonio Dominicano Depósito 02.04.2019 LF1   v. 2 46490-40 25.06.2020 25.06.2020 Libro y Folleto Colección Patrimonio Dominicano  
    Excluido de préstamo Patrimonio Dominicano Patrimonio Dominicano Patrimonio Dominicano Depósito 02.04.2019 LF1   v. 2, e. 2 46490-50 25.06.2020 25.06.2020 Libro y Folleto Colección Patrimonio Dominicano  

Con tecnología Koha